01857 2200229 4500001002100000005001500021035002000036245004700056100001900103250001700122300002800139260003500167082001000202084001600212020002200228650001600250520125700266500003101523008004101554990001601595990001601611INLIS00000000000019420240830082202 a0010-05240001161 aBeternak Ayam Jawa Super /cSuparman Am.pd0 aSuparman Am.pd acetakan ke-1 a74 hlm :bilus ;c21 cm aJakarta :bGaneca Exact,c2006 a636.5 a636.5 SUP b a978-979-744-507-0 4aTernak Ayam aMemasuki era millenium ini, sektor perekonomian bidang riil mulai menggeliat. hal tersebut disebabkan mempunyai faktor daya uji yang tangguh menghadapi krisis multidimensi. Salah satu contoh bidang riil yang mulai mendapat sorotan di antaranya adalah home industry, dalam hal ini akan menyoroti mengenai beternak ayam jawa super. Perlu diktehui, bahwa usaha beternak ayam merupakan hal yang sudah umum di kalangan masyarakat terutama pedesaan, namun mengenai beternak ayam jawa super, yakni persilangan antara ayam kampung dengan ayam ras unik dan tentunya mempunyai daya tarik kelebihan tersendiri. Buku ini dirancang dan dibuat, yang mana berisi pengetahuan tentang jenis-jenis ayam, bagaimana sebeaiknya dalam pemilihan bibit ayam yang unggul, berbagai cara pemeliharaan ayam, bagaimana bentuk dan prinsip pembuatan kandang ayam yang baik, makanan yang dibutuhkan ayam, pencegahan dan pemberantasan hama dan penyakit terus vaksinasi, serta manfaat dan kegunaan yang diperoleh dari usaha beternak ayam jawa super. sebagai pelengkap, berbagai gambar ilustrasi ditampilkan dalam buku ini, diharapkan dapat menambah pemahaman bagi pembaca, baik kalangan awam, pemula maupun wiraswastawan peternak ayam yang sudah mapan, untuk melengkapi wawasannya. aSeri Keterampilan Beternak240830 0  a00000000597 a00000003026